000 00208nam a2200097Ia 4500
008 220204s9999 xx 000 0 und d
082 _bFAO
245 0 _aCrop farming
260 _aRome
_bFAO
_c1976
942 _cBK
999 _c40999
_d40999